A study guide in Philippine history / (Record no. 117657)
[ view plain ]
| 000 -LEADER | |
|---|---|
| fixed length control field | 00564nam a2200169Ia 4500 |
| 008 - FIXED-LENGTH DATA ELEMENTS--GENERAL INFORMATION | |
| fixed length control field | 140529s9999 xx 000 0 und d |
| 020 ## - INTERNATIONAL STANDARD BOOK NUMBER | |
| International Standard Book Number | 9789712356810 |
| 050 ## - LIBRARY OF CONGRESS CALL NUMBER | |
| Classification number | DS 668.A3 |
| Item number | .F965 2010 |
| 100 ## - MAIN ENTRY--PERSONAL NAME | |
| Personal name | Funtecha, Henry Florida. |
| 245 ## - TITLE STATEMENT | |
| Title | A study guide in Philippine history / |
| Statement of responsibility, etc | Henry Florida Funtecha and Melanie Jalandoni Padilla |
| 260 ## - PUBLICATION, DISTRIBUTION, ETC. (IMPRINT) | |
| Place of publication, distribution, etc | Manila, Philippines : |
| Name of publisher, distributor, etc | Rex Book Store, Inc., |
| Date of publication, distribution, etc | c2010. |
| 300 ## - PHYSICAL DESCRIPTION | |
| Extent | 142 p. ; |
| Dimensions | 26 cm. |
| 500 ## - GENERAL NOTE | |
| General note | Includes bibliographical references and index. |
| 521 ## - TARGET AUDIENCE NOTE | |
| Target audience note | |
| 942 ## - ADDED ENTRY ELEMENTS (KOHA) | |
| Call number prefix | Local |
| Koha item type | Books |
| Withdrawn status | Lost status | Damaged status | Home library | Current library | Shelving location | Date acquired | Cost, normal purchase price | Total Checkouts | Total Renewals | Full call number | Barcode | Date last seen | Date checked out | Price effective from | Koha item type |
|---|---|---|---|---|---|---|---|---|---|---|---|---|---|---|---|
| College Library | College Library | Filipiniana Section | 05/30/2014 | 427.00 | 3 | 3 | DS 668.A3 .F965 2010 | C16708 | 09/26/2023 | 09/12/2023 | 05/30/2014 | Books |